El libro de todas las cosas /

Guardado en:
Autor Principal: Kuijer, Guus
Otros Autores: Pombo, Luis; il.
Formato: Libro
Publicado: Buenos Aires : Macmillan, 2011
Series:Todos Distintos ; 3
Materias:
Etiquetas: Agregar Etiqueta
Sin Etiquetas, Sea el primero en etiquetar este registro!
LEADER 01321nam a22002415a 4500
001 CEM.cems013736
005 20120806155214.0
008 130507s2011##################000#0#####d
003 CEMS
020 |a 9789876720403 
082 0 4 |a 839.3137 
100 1 |a Kuijer, Guus 
245 1 0 |a El libro de todas las cosas /  |c Guus Kuijer; ilustrado Por Luis Pombo 
260 |a Buenos Aires :  |b Macmillan,  |c 2011 
300 |a 144 p. 
490 0 |a Todos Distintos ; 3 
500 |a Título original: Het boek van alle dingentraducción: Diego Puls 
505 0 |a Tomás ve cosas que nadie más puede ver, y todo lo anota en El libro de todas las cosas. Cuando su vecina le pregunta qué quiere ser de grande. Tomás responde: Feliz, quiero ser feliz. Su padre-un hombre inflexible y religioso en extremo/ le advierte : Solo los débiles son felices. Pero Tomás cuenta con su vecina, que ama la música de Beethoven, y con Elisa, que tiene una pierna de madera, para ayudarle a descubrir que solo puede ser feliz dejando de tener miedo. Esta poderosa novela aborda la violencia familiar y el fundamentalismo con una agudeza y sabiuduría insuperables 
653 |a Literatura holandesa 
653 |a Literatura juvenil 
653 |a Novela 
700 1 |a Pombo, Luis; il. 
859 |a CEMS  |b BIB. CEMS - 11 de abril  |h 839.3137  |i K957  |p 26447.12  |t Ej.1